Preparation and properties of deproteinised natural rubber produced using indigenous enzymatic formulations (Record no. 65561)

MARC details
000 -LEADER
fixed length control field 00409nam a2200121Ia 4500
100 ## - MAIN ENTRY--AUTHOR NAME
Personal name Rajammal G
245 #0 - TITLE STATEMENT
Title Preparation and properties of deproteinised natural rubber produced using indigenous enzymatic formulations
260 ## - PUBLICATION, DISTRIBUTION, ETC. (IMPRINT)
Name of publisher IRMRA Tenth Rubber Conference, Ahmedabad, 1978
Year of publication 1978
650 ## - SUBJECT ADDED ENTRY--TOPICAL TERM
Topical Term Speciality rubbers
700 ## - ADDED ENTRY--PERSONAL NAME
Personal name Thomas E V
942 ## - ADDED ENTRY ELEMENTS (KOHA)
Koha item type Journals
Holdings
Withdrawn status Lost status Damaged status Not for loan Home library Current library Shelving location Date acquired Koha item type
      Journals RRII Library RRII Library Rubber chemistry 17/12/2021 Journals